Anteproyecto de ley sobre fuero sindical y despidos colectivos

שמור ב:
מידע ביבליוגרפי
מחבר תאגידי: Central de Trabajadores Costarricenses
פורמט: Texto
יצא לאור: San José :
נושאים:
תגים: הוספת תג
אין תגיות, היה/י הראשונ/ה לתייג את הרשומה!

MARC

LEADER 00000 a a2200000 04500
001 15801
003
040
090 |a 015900  
110 |a Central de Trabajadores Costarricenses  
245 |a Anteproyecto de ley sobre fuero sindical y despidos colectivos  
260 |a San José :  
300 |a 5 p.  
650 |a SINDICALISMO  
999 |c 14224  |d 14224